Robert Burns papers, (Record no. 41770)

MARC details
000 -LEADER
fixed length control field 00992cpcaa2200253 4500
001 - CONTROL NUMBER
control field mm 79005090
003 - CONTROL NUMBER IDENTIFIER
control field DLC
005 - DATE AND TIME OF LATEST TRANSACTION
control field 20260227111649.0
008 - FIXED-LENGTH DATA ELEMENTS--GENERAL INFORMATION
fixed length control field 790209|||||||||||| eng
010 ## - LIBRARY OF CONGRESS CONTROL NUMBER
LC control number mm 79005090
040 ## - CATALOGING SOURCE
Original cataloging agency DLC
Transcribing agency DLC
Description conventions dacs
Modifying agency DLC
072 #7 - SUBJECT CATEGORY CODE
Subject category code L
Source lcmd
100 1# - MAIN ENTRY--PERSONAL NAME
Personal name Burns, Robert,
Dates associated with a name 1759-1796.
245 00 - TITLE STATEMENT
Title Robert Burns papers,
Inclusive dates 1788-1859.
300 ## - PHYSICAL DESCRIPTION
Extent 6
Type of unit items.
506 0# - RESTRICTIONS ON ACCESS NOTE
Terms governing access Open to research.
533 ## - REPRODUCTION NOTE
Type of reproduction Positive and negative photocopies, typewritten transcripts, and facsimiles produced from originals in the Manuscript Division.
Place of reproduction Washington, D.C. :
Agency responsible for reproduction Library of Congress Photoduplication Service,
Date of reproduction 1938-1942.
545 0# - BIOGRAPHICAL OR HISTORICAL DATA
Biographical or historical data Poet.
546 ## - LANGUAGE NOTE
Language note Collection material in English.
580 ## - LINKING ENTRY COMPLEXITY NOTE
Linking entry complexity note Forms part of: Miscellaneous Manuscripts collection.
656 #7 - INDEX TERM--OCCUPATION
Occupation Poets.
Source of term itoamc

No items available.

Powered by Koha